Statistiques concernant Communes les plus peuplées de Nouvelle-Aquitaine

Cliquez ici pour prendre le quiz!

Statistiques générales

  • Ce quiz a été pris 56 fois
  • Le résultat moyen est 20 sur 31

Statistiques - réponses

Ville% Correct
Bordeaux
100%
Bayonne
94%
Bayonne
94%
La Rochelle
92%
Limoges
92%
Biarritz
90%
Pau
90%
Poitiers
90%
Mérignac
82%
Mont-de-Marsan
82%
Niort
78%
Angoulême
76%
Agen
73%
Brive-la-Gaillarde
73%
Pessac
73%
Anglet
71%
Périgueux
71%
Saintes
69%
Bergerac
63%
Libourne
63%
Talence
63%
Rochefort
59%
Bègles
51%
Châtellerault
43%
Villenave-d'Ornon
37%
La Teste-de-Buch
35%
Cenon
33%
Gradignan
27%
Le Bouscat
24%
Saint-Médard-en-Jalles
22%
Eysines
10%

Distribution des résultats

Percentile par nombre de réponses

% des personnes avec chaque résultat

Votre développement - résultats

Vous n’avez pas pris ce quiz